Visualizzazione normale
Vista MARC
- Lucas Lucas, Ramón,
di Personal Name
Records bibliografici associati: 1
001 - CONTROL NUMBER
- control field: 15444
003 - CONTROL NUMBER IDENTIFIER
- control field: IT-RoINE
005 - DATE AND TIME OF LATEST TRANSACTION
- control field: 20141210124144.0
008 - FIXED-LENGTH DATA ELEMENTS
- fixed length control field: 141210|| aca||aabn | a|a d
040 ## - CATALOGING SOURCE
- Original cataloging agency: IT-RoINE
- Transcribing agency: IT-RoINE
100 ## - HEADING--PERSONAL NAME
- Personal name: Lucas Lucas, Ramón,
- Dates associated with a name: 1955-
670 ## - SOURCE DATA FOUND
- Source citation: Work cat.: (IT-RoINE)0: Comentario interdisciplinar a la "Evangelium vitae" /, 1996.